Estatísticas para Todos os pokemon da região de Kanto

Clique aqui para jogar o quiz

Estatísticas Gerais

  • Esse quiz foi jogado 1 336 vezes
  • A pontuação média é 78 de 151

Estatísticas das Respostas

NúmeroPokemon% Correto
4Charmander
96%
1Bulbasaur
94%
6Charizard
94%
7Squirtle
92%
9Blastoise
91%
5Charmeleon
90%
25Pikachu
90%
2Ivysaur
88%
26Raichu
84%
151Mew
83%
3Venusaur
82%
150Mewtwo
81%
11Metapod
80%
10Caterpie
79%
16Pidgey
79%
12Butterfree
78%
8Wartortle
78%
144Articuno
76%
14Kakuna
76%
18Pidgeot
76%
145Zapdos
76%
146Moltres
75%
15Beedrill
73%
13Weedle
73%
17Pidgeotto
72%
149Dragonite
71%
74Geodude
71%
147Dratini
69%
148Dragonair
68%
133Eevee
67%
20Raticate
67%
76Golem
66%
94Gengar
65%
19Rattata
65%
134Vaporeon
65%
95Onix
64%
136Flareon
63%
135Jolteon
63%
129Magikarp
63%
63Abra
62%
75Graveler
62%
130Gyarados
62%
24Arbok
61%
23Ekans
61%
92Gastly
61%
64Kadabra
61%
34Nidoking
61%
21Spearow
61%
22Fearow
60%
93Haunter
60%
31Nidoqueen
60%
33Nidorino
60%
65Alakazam
59%
30Nidorina
59%
68Machamp
56%
66Machop
56%
59Arcanine
55%
67Machoke
54%
143Snorlax
54%
37Vulpix
54%
121Starmie
53%
120Staryu
53%
41Zubat
53%
43Oddish
52%
44Gloom
51%
126Magmar
51%
77Ponyta
51%
78Rapidash
51%
51Dugtrio
50%
38Ninetales
50%
50Diglett
49%
42Golbat
49%
39Jigglypuff
49%
52Meowth
49%
131Lapras
48%
53Persian
48%
45Vileplume
48%
125Electabuzz
47%
58Growlithe
47%
106Hitmonlee
47%
140Kabuto
46%
56Mankey
46%
54Psyduck
46%
100Voltorb
46%
118Goldeen
45%
28Sandslash
45%
128Tauros
45%
35Clefairy
44%
101Electrode
44%
107Hitmonchan
44%
141Kabutops
44%
89Muk
44%
27Sandshrew
44%
36Clefable
43%
55Golduck
43%
122Mr. Mime
43%
119Seaking
43%
110Weezing
43%
109Koffing
42%
81Magnemite
42%
123Scyther
42%
124Jynx
41%
57Primeape
41%
69Bellsprout
40%
139Omastar
40%
132Ditto
39%
116Horsea
39%
97Hypno
39%
82Magneton
39%
88Grimer
38%
138Omanyte
38%
86Seel
38%
48Venonat
38%
40Wigglytuff
38%
142Aerodactyl
37%
113Chansey
37%
87Dewgong
37%
72Tentacool
37%
73Tentacruel
37%
49Venomoth
37%
84Doduo
36%
112Rhydon
36%
117Seadra
36%
104Cubone
35%
46Paras
35%
60Poliwag
35%
70Weepinbell
35%
85Dodrio
34%
115Kangaskhan
34%
47Parasect
34%
71Victreebel
34%
96Drowzee
33%
127Pinsir
32%
62Poliwrath
31%
137Porygon
31%
114Tangela
31%
105Marowak
30%
91Cloyster
29%
29Nidoran Female
29%
32Nidoran Male
29%
61Poliwhirl
29%
83Farfetch'd
28%
79Slowpoke
28%
80Slowbro
27%
99Kingler
24%
98Krabby
24%
90Shellder
24%
103Exeggutor
23%
102Exeggcute
22%
108Lickitung
19%
111Rhyrorn
16%

Distribuição das Pontuações

Percentil de Números Respondidos

Porcentagem de Pessoas com Cada Pontuação

Sua Pontuação Histórica

Você não jogou esse quiz